<?xml version="1.0" encoding="UTF-8"?>
<collection xmlns="http://www.loc.gov/MARC21/slim">
 <record>
  <leader>04780cam a2200997   4500</leader>
  <controlfield tag="001">1642379700</controlfield>
  <controlfield tag="003">DE-627</controlfield>
  <controlfield tag="005">20241129022544.0</controlfield>
  <controlfield tag="007">tu</controlfield>
  <controlfield tag="008">881108s1981    gw ||||| r    00| ||ger c</controlfield>
  <datafield tag="015" ind1=" " ind2=" ">
   <subfield code="a">81,N15,0206</subfield>
   <subfield code="2">dnb</subfield>
  </datafield>
  <datafield tag="015" ind1=" " ind2=" ">
   <subfield code="a">81,A46,0629</subfield>
   <subfield code="2">dnb</subfield>
  </datafield>
  <datafield tag="016" ind1="7" ind2=" ">
   <subfield code="a">810309580</subfield>
   <subfield code="2">DE-101</subfield>
  </datafield>
  <datafield tag="020" ind1=" " ind2=" ">
   <subfield code="a">3515032088</subfield>
   <subfield code="9">3-515-03208-8</subfield>
  </datafield>
  <datafield tag="035" ind1=" " ind2=" ">
   <subfield code="a">(DE-627)1642379700</subfield>
  </datafield>
  <datafield tag="035" ind1=" " ind2=" ">
   <subfield code="a">(DE-576)016635183</subfield>
  </datafield>
  <datafield tag="035" ind1=" " ind2=" ">
   <subfield code="a">(DE-599)BSZ016635183</subfield>
  </datafield>
  <datafield tag="035" ind1=" " ind2=" ">
   <subfield code="a">(OCoLC)10184609</subfield>
  </datafield>
  <datafield tag="035" ind1=" " ind2=" ">
   <subfield code="a">(OCoLC)311062008</subfield>
  </datafield>
  <datafield tag="035" ind1=" " ind2=" ">
   <subfield code="a">(OCoLC)263382085</subfield>
  </datafield>
  <datafield tag="035" ind1=" " ind2=" ">
   <subfield code="a">(OCoLC)1078703213</subfield>
  </datafield>
  <datafield tag="035" ind1=" " ind2=" ">
   <subfield code="a">(DE-604)8010147772</subfield>
  </datafield>
  <datafield tag="035" ind1=" " ind2=" ">
   <subfield code="a">(AT-OBV)AC05386413</subfield>
  </datafield>
  <datafield tag="040" ind1=" " ind2=" ">
   <subfield code="a">DE-627</subfield>
   <subfield code="b">ger</subfield>
   <subfield code="c">DE-627</subfield>
   <subfield code="e">rakwb</subfield>
  </datafield>
  <datafield tag="041" ind1=" " ind2=" ">
   <subfield code="a">ger</subfield>
  </datafield>
  <datafield tag="044" ind1=" " ind2=" ">
   <subfield code="c">XA-DE</subfield>
  </datafield>
  <datafield tag="082" ind1="0" ind2=" ">
   <subfield code="a">721.30945</subfield>
   <subfield code="q">OCLC</subfield>
  </datafield>
  <datafield tag="084" ind1=" " ind2=" ">
   <subfield code="a">12a</subfield>
   <subfield code="2">sdnb</subfield>
  </datafield>
  <datafield tag="084" ind1=" " ind2=" ">
   <subfield code="a">9,10</subfield>
   <subfield code="a">1</subfield>
   <subfield code="2">ssgn</subfield>
  </datafield>
  <datafield tag="084" ind1=" " ind2=" ">
   <subfield code="a">LN 75812</subfield>
   <subfield code="2">rvk</subfield>
   <subfield code="0">(DE-625)rvk/102166:13313</subfield>
  </datafield>
  <datafield tag="084" ind1=" " ind2=" ">
   <subfield code="a">BO 9210</subfield>
   <subfield code="2">rvk</subfield>
   <subfield code="0">(DE-625)rvk/14869:</subfield>
  </datafield>
  <datafield tag="084" ind1=" " ind2=" ">
   <subfield code="a">21.70</subfield>
   <subfield code="2">bkl</subfield>
  </datafield>
  <datafield tag="084" ind1=" " ind2=" ">
   <subfield code="a">20.30</subfield>
   <subfield code="2">bkl</subfield>
  </datafield>
  <datafield tag="245" ind1="1" ind2="0">
   <subfield code="a">Corpus der Kapitelle der Kirche von San Marco zu Venedig</subfield>
   <subfield code="b">1 Tab.</subfield>
   <subfield code="c">unter Mitarb. von Joachim Kramer und Urs Peschlow. Hrsg. von Friedrich Wilhelm Deichmann</subfield>
  </datafield>
  <datafield tag="264" ind1=" " ind2="1">
   <subfield code="a">Wiesbaden</subfield>
   <subfield code="b">Steiner</subfield>
   <subfield code="c">1981</subfield>
  </datafield>
  <datafield tag="300" ind1=" " ind2=" ">
   <subfield code="a">153 S., [98] Bl.</subfield>
   <subfield code="b">Ill., graph. Darst.</subfield>
  </datafield>
  <datafield tag="336" ind1=" " ind2=" ">
   <subfield code="a">Text</subfield>
   <subfield code="b">txt</subfield>
   <subfield code="2">rdacontent</subfield>
  </datafield>
  <datafield tag="337" ind1=" " ind2=" ">
   <subfield code="a">ohne Hilfsmittel zu benutzen</subfield>
   <subfield code="b">n</subfield>
   <subfield code="2">rdamedia</subfield>
  </datafield>
  <datafield tag="338" ind1=" " ind2=" ">
   <subfield code="a">Band</subfield>
   <subfield code="b">nc</subfield>
   <subfield code="2">rdacarrier</subfield>
  </datafield>
  <datafield tag="490" ind1="1" ind2=" ">
   <subfield code="a">Forschungen zur Kunstgeschichte und christlichen Archäologie</subfield>
   <subfield code="v">12</subfield>
  </datafield>
  <datafield tag="500" ind1=" " ind2=" ">
   <subfield code="a">Literaturangaben</subfield>
  </datafield>
  <datafield tag="583" ind1="1" ind2=" ">
   <subfield code="a">Archivierung/Langzeitarchivierung gewährleistet</subfield>
   <subfield code="f">SSG</subfield>
   <subfield code="x">XA-DE-BW</subfield>
   <subfield code="2">pdager</subfield>
   <subfield code="5">DE-21</subfield>
  </datafield>
  <datafield tag="583" ind1="1" ind2=" ">
   <subfield code="a">Archivierung/Langzeitarchivierung gewährleistet</subfield>
   <subfield code="f">SSG</subfield>
   <subfield code="x">XA-DE-BW</subfield>
   <subfield code="2">pdager</subfield>
   <subfield code="5">DE-16</subfield>
  </datafield>
  <datafield tag="655" ind1=" " ind2="7">
   <subfield code="a">Verzeichnis</subfield>
   <subfield code="0">(DE-588)4188171-0</subfield>
   <subfield code="0">(DE-627)105266639</subfield>
   <subfield code="0">(DE-576)210051078</subfield>
   <subfield code="2">gnd-content</subfield>
  </datafield>
  <datafield tag="655" ind1=" " ind2="7">
   <subfield code="a">Inventar</subfield>
   <subfield code="0">(DE-588)4027540-1</subfield>
   <subfield code="0">(DE-627)106284274</subfield>
   <subfield code="0">(DE-576)208971270</subfield>
   <subfield code="2">gnd-content</subfield>
  </datafield>
  <datafield tag="689" ind1="0" ind2="0">
   <subfield code="d">g</subfield>
   <subfield code="0">(DE-588)4078763-1</subfield>
   <subfield code="0">(DE-627)106076396</subfield>
   <subfield code="0">(DE-576)209209933</subfield>
   <subfield code="a">San Marco</subfield>
   <subfield code="g">Venedig</subfield>
   <subfield code="2">gnd</subfield>
  </datafield>
  <datafield tag="689" ind1="0" ind2="1">
   <subfield code="d">s</subfield>
   <subfield code="0">(DE-588)4027540-1</subfield>
   <subfield code="0">(DE-627)106284274</subfield>
   <subfield code="0">(DE-576)208971270</subfield>
   <subfield code="a">Inventar</subfield>
   <subfield code="2">gnd</subfield>
  </datafield>
  <datafield tag="689" ind1="0" ind2="2">
   <subfield code="d">s</subfield>
   <subfield code="0">(DE-588)4029595-3</subfield>
   <subfield code="0">(DE-627)106273701</subfield>
   <subfield code="0">(DE-576)208983201</subfield>
   <subfield code="a">Kapitell</subfield>
   <subfield code="2">gnd</subfield>
  </datafield>
  <datafield tag="689" ind1="0" ind2=" ">
   <subfield code="5">DE-101</subfield>
  </datafield>
  <datafield tag="689" ind1="1" ind2="0">
   <subfield code="d">g</subfield>
   <subfield code="0">(DE-588)4078763-1</subfield>
   <subfield code="0">(DE-627)106076396</subfield>
   <subfield code="0">(DE-576)209209933</subfield>
   <subfield code="a">San Marco</subfield>
   <subfield code="g">Venedig</subfield>
   <subfield code="2">gnd</subfield>
  </datafield>
  <datafield tag="689" ind1="1" ind2="1">
   <subfield code="d">s</subfield>
   <subfield code="0">(DE-588)4029595-3</subfield>
   <subfield code="0">(DE-627)106273701</subfield>
   <subfield code="0">(DE-576)208983201</subfield>
   <subfield code="a">Kapitell</subfield>
   <subfield code="2">gnd</subfield>
  </datafield>
  <datafield tag="689" ind1="1" ind2=" ">
   <subfield code="5">DE-101</subfield>
  </datafield>
  <datafield tag="689" ind1="2" ind2="0">
   <subfield code="d">g</subfield>
   <subfield code="0">(DE-588)4078763-1</subfield>
   <subfield code="0">(DE-627)106076396</subfield>
   <subfield code="0">(DE-576)209209933</subfield>
   <subfield code="a">San Marco</subfield>
   <subfield code="g">Venedig</subfield>
   <subfield code="2">gnd</subfield>
  </datafield>
  <datafield tag="689" ind1="2" ind2="1">
   <subfield code="d">s</subfield>
   <subfield code="0">(DE-588)4029595-3</subfield>
   <subfield code="0">(DE-627)106273701</subfield>
   <subfield code="0">(DE-576)208983201</subfield>
   <subfield code="a">Kapitell</subfield>
   <subfield code="2">gnd</subfield>
  </datafield>
  <datafield tag="689" ind1="2" ind2=" ">
   <subfield code="5">(DE-627)</subfield>
  </datafield>
  <datafield tag="689" ind1="3" ind2="0">
   <subfield code="d">s</subfield>
   <subfield code="0">(DE-588)4029595-3</subfield>
   <subfield code="0">(DE-627)106273701</subfield>
   <subfield code="0">(DE-576)208983201</subfield>
   <subfield code="a">Kapitell</subfield>
   <subfield code="2">gnd</subfield>
  </datafield>
  <datafield tag="689" ind1="3" ind2=" ">
   <subfield code="5">(DE-627)</subfield>
  </datafield>
  <datafield tag="689" ind1="4" ind2="0">
   <subfield code="d">g</subfield>
   <subfield code="0">(DE-588)4078763-1</subfield>
   <subfield code="0">(DE-627)106076396</subfield>
   <subfield code="0">(DE-576)209209933</subfield>
   <subfield code="a">San Marco</subfield>
   <subfield code="g">Venedig</subfield>
   <subfield code="2">gnd</subfield>
  </datafield>
  <datafield tag="689" ind1="4" ind2="1">
   <subfield code="d">s</subfield>
   <subfield code="0">(DE-588)4029595-3</subfield>
   <subfield code="0">(DE-627)106273701</subfield>
   <subfield code="0">(DE-576)208983201</subfield>
   <subfield code="a">Kapitell</subfield>
   <subfield code="2">gnd</subfield>
  </datafield>
  <datafield tag="689" ind1="4" ind2=" ">
   <subfield code="5">(DE-627)</subfield>
  </datafield>
  <datafield tag="700" ind1="1" ind2=" ">
   <subfield code="a">Deichmann, Friedrich Wilhelm</subfield>
   <subfield code="d">1909-1993</subfield>
   <subfield code="e">Hrsg.</subfield>
   <subfield code="0">(DE-588)118671286</subfield>
   <subfield code="0">(DE-627)079455069</subfield>
   <subfield code="0">(DE-576)209265930</subfield>
   <subfield code="4">edt</subfield>
  </datafield>
  <datafield tag="700" ind1="1" ind2=" ">
   <subfield code="8">1\p</subfield>
   <subfield code="a">Kramer, Joachim</subfield>
   <subfield code="d">1936-2018</subfield>
   <subfield code="e">Mitarb.</subfield>
   <subfield code="0">(DE-588)172195578</subfield>
   <subfield code="0">(DE-627)697109453</subfield>
   <subfield code="0">(DE-576)133065839</subfield>
   <subfield code="4">oth</subfield>
  </datafield>
  <datafield tag="700" ind1="1" ind2=" ">
   <subfield code="a">Peschlow, Urs</subfield>
   <subfield code="d">1943-2018</subfield>
   <subfield code="0">(DE-588)103116524X</subfield>
   <subfield code="0">(DE-627)735769877</subfield>
   <subfield code="0">(DE-576)162523599</subfield>
   <subfield code="4">oth</subfield>
  </datafield>
  <datafield tag="787" ind1="0" ind2="8">
   <subfield code="i">Rezensiert in</subfield>
   <subfield code="a">Müller-Wiener, Wolfgang, 1923 - 1991</subfield>
   <subfield code="t">[Rezension von: Corpus der Kapitelle der Kirche von San Marco zu Venedig]</subfield>
   <subfield code="d">1983</subfield>
   <subfield code="w">(DE-627)1854188097</subfield>
  </datafield>
  <datafield tag="830" ind1=" " ind2="0">
   <subfield code="a">Forschungen zur Kunstgeschichte und christlichen Archäologie</subfield>
   <subfield code="v">12</subfield>
   <subfield code="9">12</subfield>
   <subfield code="w">(DE-627)130111295</subfield>
   <subfield code="w">(DE-576)015642674</subfield>
   <subfield code="w">(DE-600)503859-5</subfield>
   <subfield code="x">0532-2189</subfield>
   <subfield code="7">ns</subfield>
  </datafield>
  <datafield tag="883" ind1=" " ind2=" ">
   <subfield code="8">1</subfield>
   <subfield code="a">cgwrk</subfield>
   <subfield code="d">20241001</subfield>
   <subfield code="q">DE-101</subfield>
   <subfield code="u">https://d-nb.info/provenance/plan#cgwrk</subfield>
  </datafield>
  <datafield tag="889" ind1=" " ind2=" ">
   <subfield code="w">(DE-627)025079506</subfield>
  </datafield>
  <datafield tag="935" ind1=" " ind2=" ">
   <subfield code="a">mteo</subfield>
  </datafield>
  <datafield tag="935" ind1=" " ind2=" ">
   <subfield code="i">mdedup</subfield>
  </datafield>
  <datafield tag="936" ind1="r" ind2="v">
   <subfield code="a">LN 75812</subfield>
   <subfield code="b">Kirchen, Kathedralen</subfield>
   <subfield code="k">Kunstgeschichte</subfield>
   <subfield code="k">Kunst nach Ländern bzw. Kontinenten</subfield>
   <subfield code="k">Italien</subfield>
   <subfield code="k">Kunsttopografie Italiens</subfield>
   <subfield code="k">Alphabetische Liste der italienischen Orte</subfield>
   <subfield code="k">Orte V</subfield>
   <subfield code="k">Venedig</subfield>
   <subfield code="k">Kirchen, Kathedralen</subfield>
   <subfield code="0">(DE-627)127070365X</subfield>
   <subfield code="0">(DE-625)rvk/102166:13313</subfield>
   <subfield code="0">(DE-576)20070365X</subfield>
  </datafield>
  <datafield tag="936" ind1="r" ind2="v">
   <subfield code="a">BO 9210</subfield>
   <subfield code="b">Sonstige Städte</subfield>
   <subfield code="k">Theologie und Religionswissenschaften</subfield>
   <subfield code="k">Patrologie und Kirchengeschichte</subfield>
   <subfield code="k">Christliche Archäologie und Kunstgeschichte</subfield>
   <subfield code="k">Städte</subfield>
   <subfield code="k">Sonstige Städte</subfield>
   <subfield code="0">(DE-627)1270752316</subfield>
   <subfield code="0">(DE-625)rvk/14869:</subfield>
   <subfield code="0">(DE-576)200752316</subfield>
  </datafield>
  <datafield tag="936" ind1="b" ind2="k">
   <subfield code="a">21.70</subfield>
   <subfield code="j">Geschichte der Sakralbaukunst</subfield>
   <subfield code="0">(DE-627)106421255</subfield>
  </datafield>
  <datafield tag="936" ind1="b" ind2="k">
   <subfield code="a">20.30</subfield>
   <subfield code="j">Kunstgeschichte: Allgemeines</subfield>
   <subfield code="0">(DE-627)106410326</subfield>
  </datafield>
  <datafield tag="951" ind1=" " ind2=" ">
   <subfield code="a">BO</subfield>
  </datafield>
  <datafield tag="990" ind1=" " ind2=" ">
   <subfield code="a">San Marco</subfield>
  </datafield>
  <datafield tag="990" ind1=" " ind2=" ">
   <subfield code="a">Inventar</subfield>
  </datafield>
  <datafield tag="990" ind1=" " ind2=" ">
   <subfield code="a">Kapitell</subfield>
  </datafield>
  <datafield tag="990" ind1=" " ind2=" ">
   <subfield code="a">San Marco</subfield>
  </datafield>
  <datafield tag="990" ind1=" " ind2=" ">
   <subfield code="a">Kapitell</subfield>
  </datafield>
  <datafield tag="990" ind1=" " ind2=" ">
   <subfield code="a">San Marco</subfield>
  </datafield>
  <datafield tag="990" ind1=" " ind2=" ">
   <subfield code="a">Kapitell</subfield>
  </datafield>
  <datafield tag="990" ind1=" " ind2=" ">
   <subfield code="a">Kapitell</subfield>
  </datafield>
  <datafield tag="990" ind1=" " ind2=" ">
   <subfield code="a">San Marco</subfield>
  </datafield>
  <datafield tag="990" ind1=" " ind2=" ">
   <subfield code="a">Kapitell</subfield>
  </datafield>
  <datafield tag="991" ind1=" " ind2=" ">
   <subfield code="a">Rezensiertes Werk</subfield>
  </datafield>
  <datafield tag="999" ind1=" " ind2=" ">
   <subfield code="a">KXP-PPN1642379700</subfield>
   <subfield code="e">4374009221</subfield>
  </datafield>
 </record>
</collection>
